=LDR 00000nam 2200000 4500 =001 INLIS000000000004524 =005 20250724023717 =035 ##$$a 0010-0725000335 =007 ta =008 250724###########################0#ind## =020 ##$$a - =082 ##$$a 098 =084 ##$$a 098 NAT m =245 1#$$a Factors Affecting The Use Of Contracepsion in Urban Areas Of Indonesia : $b - /$c NATIONAL FAMILY PLANNING COORDINATING BOARD CENTER FOR INFORMATION AND DOCUMENTATION NET WORK OF THE NATIONAL FAMILY PLANNING PROGRAM =250 ##$$a Pertama =260 ##$$a Jakarta :$b NATIONAL FAMILY PLANNING COORDINATING BOARD CENTER FOR INFORMATION AND DOCUMENTATION NET WORK OF THE NATIONAL FAMILY PLANNING PROGRAM,$c 1987 =300 ##$$a 30 halaman : $b ilus ; $c 22 cm$e - =650 #4$$a Program KB =110 #$$a NATIONAL FAMILY PLANNING COORDINATING BOARD CENTER FOR INFORMATION AND DOCUMENTATION NET WORK OF THE NATIONAL FAMILY PLANNING PROGRAM =856 ##$$a Perpustakaan BKKBN